| 000 | 00819nam a22002177a 4500 | ||
|---|---|---|---|
| 005 | 20210325175457.0 | ||
| 008 | s2535 th tha d | ||
| 041 | _atha | ||
| 050 | _aQA76 ด154ร 2535 | ||
| 100 | 0 | _aดวงแก้ว สวามิภักดิ์ | |
| 245 | 1 | 0 | _aรู้จักกับคอมพิวเตอร์ |
| 260 | 3 |
_aกรุงเทพฯ : _bซีเอ็ดยูเคชั่น, _c2535 |
|
| 300 |
_a230 หน้า : _b ภาพประกอบ |
||
| 650 | 0 | 4 | _aคอมพิวเตอร์ |
| 650 | 0 | 4 | _aระบบปฏิบัติงาน (คอมพิวเตอร์) |
| 650 | 0 | 4 | _aโปรแกรมคอมพิวเตอร์ |
| 850 | _aNALT | ||
| 942 | _cGB | ||
| 997 | _c000000000006865 | ||
| 998 | _aNarumon Suwan | ||
| 999 |
_c6865 _d6865 |
||